Latifundio y poder político : (Registro nro. 5037)
[ vista simple ]
| 000 -LEADER | |
|---|---|
| fixed length control field | 00938nam a2200229Ia 4500 |
| 003 - CONTROL NUMBER IDENTIFIER | |
| control field | OSt |
| 005 - DATE AND TIME OF LATEST TRANSACTION | |
| control field | 20221213070759.0 |
| 008 - FIXED-LENGTH DATA ELEMENTS--GENERAL INFORMATION | |
| fixed length control field | 191128s1978 ck gr 000 0dspa d |
| 040 ## - CATALOGING SOURCE | |
| Original cataloging agency | CO-JMCR |
| Transcribing agency | CO-JMCR |
| 041 0# - LANGUAGE CODE | |
| Language code of text/sound track or separate title | spa |
| 082 04 - DEWEY DECIMAL CLASSIFICATION NUMBER | |
| Classification number | 306.32 / |
| Item number | R457l |
| 100 1# - MAIN ENTRY--PERSONAL NAME | |
| Personal name | Reyes Posada, Alejandro, |
| Relator term | autor |
| 9 (RLIN) | 3977 |
| 245 10 - TITLE STATEMENT | |
| Title | Latifundio y poder político : |
| Remainder of title | la hacienda ganadera en Sucre / |
| Statement of responsibility, etc. | Alejandro Reyes Posada |
| 260 ## - PUBLICATION, DISTRIBUTION, ETC. | |
| Place of publication, distribution, etc. | Bogotá : |
| Name of publisher, distributor, etc. | Centro de Investigación y Educación Popular, |
| Date of publication, distribution, etc. | 1978 |
| 300 ## - PHYSICAL DESCRIPTION | |
| Extent | 183 páginas ; |
| Dimensions | 20 cm. |
| 490 0# - SERIES STATEMENT | |
| Series statement | Colombia agraria ; |
| Volume/sequential designation | 2 |
| 500 ## - GENERAL NOTE | |
| General note | Incluye bibliografía. |
| 505 ## - FORMATTED CONTENTS NOTE | |
| Formatted contents note | Génesis de la estructura agraria -- Integración al mercado nacional y expansión de las haciendas -- Estructura del poder -- ¿Hacia la destrucción del latifundio tradicional? |
| 650 14 - SUBJECT ADDED ENTRY--TOPICAL TERM | |
| Topical term or geographic name entry element | Tenencia de la tierra |
| General subdivision | agricultura |
| Geographic subdivision | Colombia |
| 9 (RLIN) | 3978 |
| 650 24 - SUBJECT ADDED ENTRY--TOPICAL TERM | |
| Topical term or geographic name entry element | Aspectos económicos |
| Geographic subdivision | Colombia |
| 9 (RLIN) | 3979 |
| 942 ## - ADDED ENTRY ELEMENTS (KOHA) | |
| Source of classification or shelving scheme | Dewey Decimal Classification |
| Koha item type | Books |
| Withdrawn status | Lost status | Source of classification or shelving scheme | Materials specified (bound volume or other part) | Damaged status | Not for loan | Home library | Current library | Shelving location | Date acquired | Source of acquisition | Cost, normal purchase price | Full call number | Barcode | Date last seen | Copy number | Price effective from | Koha item type |
|---|---|---|---|---|---|---|---|---|---|---|---|---|---|---|---|---|---|
| Dewey Decimal Classification | Donación--15/04/2018-- | Biblioteca Pública José María del Castillo y Rada | Biblioteca Pública José María del Castillo y Rada | General Stacks | 11/28/2019 | Donación | 0.00 | 306.32 / R457l | 201811456 | 05/16/2024 | Ej.1 | 11/28/2019 | Books |